000 00617nam a2200181Ia 4500
008 090124s9999 xx 000 0 und d
082 _b5572
_a14
100 _aआगरकर प्रि.गो.ग.
245 _a केसरींतील निवडक निबंध
250 _a2
260 _c1937
300 _a338
600 _aआगरकर प्रि.गो.ग.
630 _a केसरींतील निवडक निबंध
700 _aआगरकर प्रि.गो.ग.
730 _a केसरींतील निवडक निबंध
942 _cBOOK
999 _c119513
_d119513